000 01230nam a2200385 i 4500
001 52402
003 ES-MaCES
005 20250203133958.0
008 220726s2021 sp | 000 ||spa
017 _aB 21502-2021
_bDL
020 _a9788423432202
040 _aES-MaCES
_bspa
_cES-MaCES
100 1 _910075
_aCosta Climent, Juan
245 1 3 _aMulticapitalismo
_b: por un capitalismo que nos ayude a crear empleo, proteger el clima y frenar la desigualdad
_cJuan Costa Climent
250 _a1ª ed
260 _aBarcelona
_bDeusto
_c2021
300 _a282 p.
_c24 cm
504 _aBibliografía: p. 277-282
541 _aCompra
650 4 _927116
_acapitalismo
650 4 _929371
_adesigualdad económica
650 4 _928308
_adesempleo
650 4 _930722
_adegradación del medio ambiente
650 4 _929791
_areforma económica
650 4 _929790
_acooperación económica
650 4 _929242
_acreación de empleos
650 4 _927265
_acultura
650 4 _930743
_acohesión social
650 4 _929234
_adesarrollo económico y social
650 4 _930785
_adesarrollo sostenible
650 4 _927076
_ateoría económica
653 1 0 _aEconomía
902 _aLIB Libro
942 _2CES
_cBK
_h0.0.
999 _c52402
_d52402